000 04537cam a22005774i 4500
003 PE-LiUPU
005 20250731173038.0
008 160709s2016 gau r 000 0 eng d
020 _a0884140830
020 _a9780884140832
020 _z0884140822
020 _z9780884140825
035 _a(Sirsi) i9780884140832
035 _a(OCoLC)953380545
_z(OCoLC)953131178
_z(OCoLC)960275427
040 _aEBLCP
_beng
_epn
_cEBLCP
_dOCLCO
_dYDXCP
_dOCLCQ
_dLNT
_dIDB
_dOCLCO
_dOCLCF
_dYDX
_dVLB
_dKAT
_dIYU
_dIOG
_dOCLCA
_dPE-LiUPU
_erda
049 _aPRUA
050 4 _aBS2615.2
_b.J646 2016eb
082 0 4 _a226.5067
_bJ6
_223
245 0 0 _aJohn, Jesus, and history.
_nVolume 3,
_pGlimpses of Jesus through the Johannine lens /
_cedited by Paul N. Anderson, Felix Just, S.J., and Tom Thatcher.
246 1 0 _aGlimpses of Jesus through the Johannine lens
300 _axxiii, 636 páginas ;
_c23 centímetros.
336 _atext
_2rdacontent
337 _aunmediated
_2rdamedia
338 _avolume
_2rdacarrier
490 1 _aEarly Christianity and Its Literature ;
_v18
505 0 _aIntroduction and overview -- The last days of Jesus in John: An introduction to the issues -- History and theology in the Johannine presentation of the causes for the death of Jesus : John 11:45-53 as convergence point -- Jesus and Pilate: Memories in John's Gospel? -- "What is truth?": Pilate's perspective on Jesus in John 18:33-38 -- The hour of the lamb? Some remarks on John 19: 14 and the hour of Jesus's condemnation and/or crucifixion -- Story, plot, and history in the Johannine passion narrative -- Points and stars: John and the synoptics -- Traces of Jesus in a pre-Johannine passion narrative -- The passion of Jesus and the gospel of John: Progress and prospects -- Glimpses of the works of Jesus through the Johannine lens -- The works of Jesus in John: An introduction to the issues -- Who were the first disciples of Jesus? An assessment of the historicity of the Johannine call narrative (John 1:35-51) -- The perspective of a Jewish priest on the Johannine timing of the action in the temple -- Jesus in relation to John "the testifier" and not "the baptizer": The fourth gospel's portrayal of John the Baptist and its historical possibilities -- The signs in the gospel of John -- The geopolitics of water and John 4:1-42 -- Siloam, Bethesda, and the Johannine water motif -- John, Jesus, and virtuoso religion -- The last days of Jesus in John and the synoptics: The evidence from astronomy and chronology -- Response to the essays in part 2 -- Glimpses of the words of Jesus through the Johannine lens -- The message of Jesus in John: An introduction to the issues -- The aphorisms of Jesus in the fourth gospel: A look at John 4:35 -- Jesus sayings in the Johannine discourses: A proposal -- Johannine dominical sayings as metatexts of synoptic sayings of Jesus: Reflections on a new category within reception history -- Semitic language and syntax within the speech of the Johannine Jesus -- Observations on God's agent and agency in John 5-9: Tradition, exposition, and glimpses into history -- From the "Kingdom of God" to "eternal life": The transformation of theological language in the fourth gospel -- The Johannine son of man and the historical Jesus: John 9:35 as a test case -- What happened to "good news for the poor" in the Johannine tradition? -- Some reflections on the historicity of the words "laying down your life for your friends" in John 15:13 -- John and the historical Jesus: A response.
526 _aSEG42
526 _aSEG41
526 _aSEG40
526 _aSEG39
526 _aP94
526 _aP87
526 _aP86
526 _aP85
526 _aP77
526 _aP76
526 _aP35
650 4 _aHistoria de eventos bíblicos.
650 4 _aHistory of Biblical events.
700 1 _aAnderson, Paul N.,
_d1956-
_eeditor.
700 1 _aJust, Felix,
_eeditor.
700 1 _aThatcher, Tom,
_d1967-
_eeditor.
910 _adbm
_bncf
_cncf
_d20171214
942 _2ddc
_cBOOK
949 _a226.5067 J6
_wDEWEY
_c1
_i77623
_lCATALOGING
_mBUL
_p51.50
_r0
_sY
_tBOOK
_u2017-12-14
_xPOSGRADO
_PP85
_0DONACION
_o.STAFF. Colección Teología.
994 _aC0
_bPEPRU
596 _a1
999 _a226.5067 J6
_wDEWEY
_c26206
_i77623
_d26206
_f2021-11-9
_g4
_lCCODEBUL1
_mBUL
_p51.50
_q1
_r0
_sY
_tBOOK
_u2017-12-14
_xTEOLOGIA
_PP85
_0COMPRA
_o.STAFF. Colección Teología.
264 _aAtlanta :
_bSBL Press,
_c2016.
980 _81
_gALBERTO SANCHEZ Responsable de Automatización